| 000 | 00396cam a2200169ua 4500 | ||
|---|---|---|---|
| 020 | _a0 34021923 8 | ||
| 041 |
_aeng _h |
||
| 082 |
_a530 _bDAI/EX |
||
| 100 | _aDaish, C.B . | ||
| 245 |
_aExperimental physics / _cC.B.Daish. _hTextual Documents |
||
| 250 |
_a2 / _b. |
||
| 260 |
_a : _bHodder and stoughton , _c1980. |
||
| 300 | _a302 ; . | ||
| 504 | _a | ||
| 942 | _cBK | ||
| 999 |
_c2378 _d2378 |
||